000 00220nam a22001097a 4500
003 OSt
008 250203b |||||||| |||| 00| 0 eng d
041 _aeng
100 _aGupta
_97049
245 _aSteam Tables
942 _cBK
999 _c19272
_d19272